000 02993nam a2200337 a 4500
001
003 DO-SdBNP
005 20230706102216.0
008 100222s 2000 dr a 001 0bspa d
040 _aDO-SdBNP
_bspa
_cBPMSU
082 4 _a923.27293
_bB742M, 2000
_222
100 1 _aMansilla, Luis Alberto
245 1 4 _aLos días chilenos de Juan Bosch /
_cLuis Alberto Mansilla ; presentación Vicente Bengoa Albizu; prólogo Volodia Teitelboim.
250 _a
260 _aSanto Domingo :
_bEditora Corripio,
_c2000.
300 _a276 p. :
_bil. ;
_c23 cm.
500 _3Contiene el programa de la puesta en circulación del libro en el Auditorio "Juan Francisco García" Plaza del Conservatorio, jueves 4 de mayo del 2000
505 0 _tIntroducción /
_rVicente Bengoa --
_tPrólogo /
_rVoloida Teitelboim --
_gUn avecindado en Chile --
_tSantiago a la vista ;
_tLas tertulias de nacimiento ;
_tLa muchacha y Cuba ;
_tTé con el crítico Alone ;
_tLa vieja y la nueva generación ;
_tEl amigo Salvador Allende ;
_tEl mundo se agita --
_gUna larga marcha --
_tLos primeros años ;
_tUna temporada en otros mundos ;
_tEl escritor rebelde ;
_tHostos, el sembrador ;
_tLos años en La Habana ;
_tDespués del fin del tirano ;
_gTres libros publicados en Chile --
_tLa muchacha de La Guaira ;
_tCuba, la isla fascinante ;
_tJudas Iscariote, el calumniado ;
_gTrujillo según Bosch --
_gGolpe en la noche --
_tLa llegada al poder --
_tCampaña de mentiras ;
_tEl golpe en la noche ;
_tRelato de la traición ;
_tLos envenenadores --
_gCrónica chilena de un levantamiento solidario ¡Viva Santo Domingo! --
_tChile frente a la intervención norteamiercana de 1955 --
_tLa primera amenaza ;
_tUn informe confidencial ;
_tLa visita de Mr. Harriman ;
_tUn mitin de los trabajadores ;
_tLas decisiones de Allende ;
_tLas mujeres y los estudiantes católicos ;
_tUn dominicano Javier ;
_tViolencia contra representantes chilenos --
_gEscritos sobre Chile en la hora de los hornos --
_tUn taller de baterías ;
_tDe Santo Domingo a Molinos de Niebla ;
_tDe Santiago de Chile a Río de Janeiro ;
_tEl triunfo de Allende y la lucha popular ;
_tAlgunas diferencias entre Chile y la República Dominicana ;
_tEl fascismo en Chile --
_gApéndice --
_tComentarios de Alone sobre los libros de Juan Bosch --
_gAnexo I: El golpe de Estado a Bosch visto por los chilenos y otras imágenes --
_gAnexo II: El golpe de Estado a Allende visto por los dominicanos y otros documentos --
_gÍndice onomástico
590 _aInventariado, 2023/VM
600 1 0 _a Bosch, Juan,
_d1909-2001
_91
600 z _aBosch Gaviño, Juan, 
_d1909-2001
600 z _aGaviño, Juan Bosch
_d1909-2001
651 4 _aRepública Dominicana
_xHistoria
_yEra de Trujillo,1930-1961
651 4 _aChile
_xPolítica y Gobierno
651 4 _aChile
_xHistoria
_yGolpe de Estado, 1973
700 1 _aBengoa Albizu, Vicente,
_eintrod.
700 1 _aTeitelboim, Volodia
_epról.
700 1 _aTeitelboim, Volodia,
_eprol.
910 _aVMateo V. Control de calidad (BPMSU)
942 _2ddc
_cBK
999 _c14404
_d14404